| 000 | 00712nam a2200217 a 4500 | ||
|---|---|---|---|
| 001 | 000009924 | ||
| 005 | 20240412074213.0 | ||
| 008 | 091002s1998 dr a r 001 p spa d | ||
| 040 |
_aDO-SdBNP _bspa _cBNPHU |
||
| 082 |
_aRD861.44 _bC679r, 1998 |
||
| 100 | 1 |
_aCoiscou Weber, Rodolfo _919739 |
|
| 245 | 1 | 0 |
_aRetorno al origen sin origen / _cRodolfo Coiscou Weber. |
| 250 | _a2ª ed. | ||
| 260 |
_aSanto Domingo : _bUniversidad Central del Este, _c1998. |
||
| 490 | 1 |
_aAntología de nuestra voz _v48 |
|
| 590 | _aInventariado, 2018/BT | ||
| 650 | 0 |
_aPoesía dominicana _966 |
|
| 650 | 0 |
_aLiteratura dominicana. _967 |
|
| 830 | 0 |
_aAntología de nuestra voz _n48 _924856 |
|
| 910 | _aValidado. Control de calidad. EMS | ||
| 999 |
_c9683 _d9683 |
||